| 000 | 03518cam a2200721 4500 | ||
|---|---|---|---|
| 999 |
_c40627 _d40627 |
||
| 001 | 1685947476 | ||
| 003 | DE-627 | ||
| 005 | 20200724063955.0 | ||
| 007 | tu | ||
| 008 | 191218s2019 xx ||||| u 00| ||ger c | ||
| 020 | _a9783410281351 | ||
| 028 | 5 | 2 | _a90567 |
| 035 | _a(DE-627)1685947476 | ||
| 035 | _a(DE-599)KXP1685947476 | ||
| 035 | _a(OCoLC)1111582538 | ||
| 040 |
_aDE-627 _bger _cDE-627 _erda |
||
| 041 |
_ager _aeng |
||
| 044 |
_cXA-DE-BE _cXA-AT-9 _cXA-CH |
||
| 060 | 0 | _aZ 665 | |
| 082 | 0 |
_a620 _qDE-101 _223sdnb |
|
| 082 | 0 | 4 |
_a620 _qDE-101, |
| 084 |
_aBBI _qDE-23 _2fid |
||
| 084 |
_aAN 33900 _qDE-520 _2rvk _0(DE-625)rvk/5977: |
||
| 084 |
_aAN 72300 _qDE-520 _2rvk _0(DE-625)rvk/6264: |
||
| 084 |
_aAN 33800 _qDE-208 _2rvk _0(DE-625)rvk/5975: |
||
| 084 |
_aAM 33400 _qDE-208 _2rvk _0(DE-625)rvk/4269: |
||
| 084 |
_aZG 9170 _qDE-208 _2rvk _0(DE-625)rvk/156039: |
||
| 084 |
_a06.90 _2bkl |
||
| 084 |
_a06.23 _2bkl |
||
| 084 |
_a06.51 _2bkl |
||
| 090 | _aa | ||
| 100 | 1 |
_aAllscher, Thorsten _d1981- _eVerfasserIn _0(DE-588)1015525881 _0(DE-627)672393980 _0(DE-576)352878215 _4aut |
|
| 245 | 1 | 0 |
_aBestandserhaltung in Archiven und Bibliotheken _cThorsten Allscher, Anna Haberditzl ; nach den Vorauflagen von Rainer Hofmann und Hans-Jörg Wiesner ; Herausgeber: DIN Deutsches Institut für Normung e.V. |
| 250 | _a6., vollständig überarbeitete und erweiterte Auflage, Sonderedition der KEK | ||
| 264 | 1 |
_aBerlin _aWien _aZürich _bBeuth Verlag GmbH _c2019 |
|
| 300 |
_a621 Seiten _bIllustrationen, Diagramme _c21 cm |
||
| 336 |
_aText _btxt _2rdacontent |
||
| 337 |
_aohne Hilfsmittel zu benutzen _bn _2rdamedia |
||
| 338 |
_aBand _bnc _2rdacarrier |
||
| 490 | 0 | _aNormen-Handbuch | |
| 490 | 0 | _aOriginale, Normen erhalten / KEK, Koordinierungsstelle für die Erhaltung des Schriftlichen Kulturguts | |
| 546 | _aRichtlinien und Normen teilweise deutsch, teilweise englisch | ||
| 650 | 0 |
_aLibrary material _xConservation and restoration |
|
| 650 | 0 |
_aArchival materials _xConservation and restoration |
|
| 650 | 0 |
_aBooks _xConservation and restoration |
|
| 650 | 0 | _aCollection management (Libraries) | |
| 653 | 2 | _aLibrary Science / organization & administration | |
| 653 | 2 | _aArchives | |
| 655 | 7 |
_aNorm _0(DE-588)4419668-4 _0(DE-627)213941864 _0(DE-576)212249827 _2gnd-content |
|
| 951 | _aBO | ||
| 700 | 1 |
_aHaberditzl, Anna _eVerfasserIn _0(DE-588)188451994 _0(DE-627)675688884 _0(DE-576)135321875 _4aut |
|
| 700 | 1 |
_aHofmann, Rainer _d1946- _eBegründerIn eines Werks _0(DE-588)141773340 _0(DE-627)630962197 _0(DE-576)325846995 _4oth |
|
| 700 | 1 |
_aWiesner, Hans-Jörg _d1955- _eBegründerIn eines Werks _0(DE-588)132834812 _0(DE-627)668358246 _0(DE-576)263758842 _4oth |
|
| 710 | 2 |
_aDeutsches Institut für Normung _eHerausgebendes Organ _0(DE-588)1030066-1 _0(DE-627)103726543 _0(DE-576)191320846 _4isb |
|
| 710 | 2 |
_aKoordinierungsstelle für die Erhaltung des Schriftlichen Kulturguts _eHerausgebendes Organ _0(DE-588)1027232353 _0(DE-627)728652366 _0(DE-576)372669026 _4isb |
|
| 776 | 1 |
_z9783410281363 _c(e-Book) |
|
| 776 | 0 | 8 |
_iErscheint auch als _nOnline-Ausgabe _aAllscher, Thorsten, 1981 - _tBestandserhaltung in Archiven und Bibliotheken _b6., vollständig überarbeitete und erweiterte Auflage _dBerlin : Beuth Verlag GmbH, 2019 _h1 Online-Ressource (628 Seiten) _w(DE-627)1691935174 _z9783410281368 |
| 856 | 4 | 2 |
_uhttps://www.gbv.de/dms/tib-ub-hannover/1685947476.pdf _mV:DE-601 _mB:DE-89 _qpdf/application _3Inhaltsverzeichnis |
| 936 | b | k | _a06.90 |
| 936 | b | k | _a06.23 |
| 936 | b | k | _a06.51 |
| 942 |
_2z _cBK |
||